000 00755nam a2200241Ia 4500
003 OSt
005 20220926002204.0
006 a|||||r|||| 00| 0
007 ta
008 220923b |||||||| |||| 00| 0 eng d
037 _cGeneral Book
040 _aRTL
_cRTL
_beng
041 _2eng
_aeng
082 _aY49(J).275.M50<--L60, L9/TD3
100 _aRay Ratnalekha
_9151719
245 0 _aChange in Bengal agrarian society, c1760-1850
260 _a New Delhi
_bManohar
_c1979
300 _aviii,339p.
_ccm.
500 _aBibliography: p 316-322; Glossary: p 323-339; Appendix: p 316-39
650 _aPeasants
942 _hY49(J).275.M50<--L60, L9/TD3
_cGB
_2CC
999 _c604004
_d604004